000 00287nam a22001337a 4500
008 170921b xxu||||| |||| 00| 0 eng d
020 _a394318544
041 _aeng
080 _a7
100 _a45
101 _aART
245 _aTHE WESTERN EXPERIENCE
_cCHAMBERS, M
942 _2udc
_cBK
999 _c28632
_d28632